书目信息 |
| 题名: |
CCTV发现之旅
|
|
| 作者: | 薛继军 主编 ;廖华 , 张力 副主编 | |
| 分册: | 2 | |
| 出版信息: | 上海 上海科学技术文献出版社 2005.05 |
|
| 页数: | 147页 | |
| 开本: | 23cm | |
| 丛书名: | CCTV中央电视台《发现之旅》系列丛书 | |
| 单 册: | ||
| 中图分类: | Z228 | |
| 科图分类: | ||
| 主题词: | 科学知识--ke xue zhi shi--普及读物 | |
| 电子资源: | ||
| ISBN: | 7-5439-2564-8 | |
| 000 | 01049nam 2200265 450 | |
| 001 | 012006754540 | |
| 005 | 20060628103310.32 | |
| 010 | @a7-5439-2564-8@dCNY23.00 | |
| 100 | @a20060610d2005 km y0chiy0120 ea | |
| 101 | 0 | @achi |
| 102 | @aCN@b310000 | |
| 105 | @aa z 000yy | |
| 200 | 1 | @aCCTV发现之旅@ACCTV fa xian zhi lu@h2@f薛继军主编@Fxue ji jun zhu bian@g廖华, 张力副主编@Gliao hua,zhang li fu zhu bian |
| 210 | @a上海@c上海科学技术文献出版社@d2005.05 | |
| 215 | @a147页@c图 (部分彩图)@d23cm | |
| 225 | 2 | @aCCTV中央电视台《发现之旅》系列丛书@ACCTV zhong yang dian shi tai《fa xian zhi lu》xi lie cong shu |
| 330 | @a本书包括了一系列引人入胜的故事和未解之谜、弹道无痕、到底是谁、人造头骨、谁在说谎、危险的爆破、血字、窥探秦陵等。 | |
| 410 | 0 | @12001 @aCCTV中央电视台《发现之旅》系列丛书 |
| 606 | 0 | @a科学知识@Ake xue zhi shi@j普及读物 |
| 690 | @aZ228@v4 | |
| 701 | 0 | @a薛继军@Axue ji jun@4主编 |
| 702 | 0 | @a廖华@Aliao hua@4副主编 |
| 702 | 0 | @a张力@Azhang li@4副主编 |
| 801 | 0 | @aCN@bQSSK@c20060628 |
| 905 | @a10447@dZ228@eX951:2 | |
| CCTV发现之旅.2/薛继军主编/廖华, 张力副主编.-上海:上海科学技术文献出版社,2005.05 |
| 147页:图 (部分彩图);23cm.-(CCTV中央电视台《发现之旅》系列丛书) |
| ISBN 7-5439-2564-8:CNY23.00 |
| 本书包括了一系列引人入胜的故事和未解之谜、弹道无痕、到底是谁、人造头骨、谁在说谎、危险的爆破、血字、窥探秦陵等。 |
| ● |
| 相关链接 |
|
|
|
正题名:CCTV发现之旅
索取号:Z228/X951:2
 
预约/预借
| 序号 | 登录号 | 条形码 | 馆藏地/架位号 | 状态 | 备注 |
| 1 | 582909 | 205829095 | 自科库501/501自科库 128排1列3层/ [索取号:Z228/X951:2] | 在馆 | |
| 2 | 582910 | 205829102 | 自科库501/501自科库 128排1列3层/ [索取号:Z228/X951:2] | 在馆 | |
| 3 | 582911 | 205829111 | 自科二线504/504自科库 13排2列4层/ [索取号:Z228/X951:2] | 在馆 |